000 00545nam a2200193 i 4500
001 44939
003 ES-MaACL
005 20230906161125.0
007 t|
008 030324s1913 fr ||||1| fre d
100 1 _aCluzet, J.
_939321
245 1 0 _aPrécis de physique medicale /
_cpar J. Cluzet.
260 _aParís :
_bOctave Doin,
_c1913 (
_eCorbeil :
_fCrété)
300 _aXII, 667 p. :
_bil. ;
_c19 cm.
490 1 _aColección testut
830 0 _aColección testut
_9182041
852 _aES-MaACL
_jF-2614
999 _c44939
_d44939